[Event "Lansing (MI Am/1/18)"]
[Site "?"]
[Date "1990.??.??"]
[Round "?"]
[White "Collins, Devontia"]
[Black "Brattin, Brian"]
[Result "0-1"]
[WhiteElo "1605"]
[BlackElo "1885"]
[PlyCount "76"]
[EventDate "1990.??.??"]

{1/(18)} 1. Nf3 e6 2. g3 b6 3. Bg2 Bb7 4. O-O d5 5. d3 c5 6. Nbd2 Nd7 7. e4 Bd6
8. Re1 Ne7 9. e5 Bc7 10. Nf1 Qb8 11. d4 cxd4 12. Qxd4 Nc6 13. Qg4 g6 14. Bh6
Ncxe5 15. Nxe5 Bxe5 16. c3 Qc7 17. Nd2 O-O-O 18. Nf3 Bf6 19. Nd4 Kb8 20. Qe2 g5
21. Nf3 Rdg8 22. Qe3 Qd8 23. a4 Rg6 24. Bxg5 Bxg5 25. Nxg5 Qxg5 26. Qd4 e5 27.
Qd3 h5 28. h4 Qg4 29. a5 Rf6 30. axb6 axb6 31. Qb5 Rg8 32. Rf1 Nc5 33. b4 Ne4
34. Bxe4 Qxe4 35. Rae1 Qxh4 36. Rxe5 Rxg3+ 37. fxg3 Qxg3+ 38. Kh1 d4+ 0-1

[Event "Detroit (MOR/3/44)"]
[Site "?"]
[Date "1990.??.??"]
[Round "?"]
[White "Collins, Devontia"]
[Black "Ashman, Brad"]
[Result "1-0"]
[WhiteElo "1605"]
[BlackElo "1605"]
[PlyCount "91"]
[EventDate "1990.??.??"]

{3/(44)} 1. Nf3 Nf6 2. g3 d5 3. Bg2 Nc6 4. O-O g6 5. d3 Bg7 6. Nbd2 O-O 7. Re1
e5 8. e4 d4 9. Nc4 Nd7 10. Bd2 b6 11. Qc1 Qf6 12. Bg5 Qe6 13. Bh6 Qf6 14. Nh4
Nc5 15. Na3 Be6 16. Bg5 Bh6 17. Bxh6 g5 18. Bxg5 Qg7 19. Bh6 Qf6 20. Bxf8 Kxf8
21. Nb5 Na6 22. Nf3 h6 23. Nh4 Ncb4 24. b3 c6 25. Nd6 Ke7 26. Ndf5+ Kd8 27. a3
Nxc2 28. Qxc2 Nc5 29. b4 Bb3 30. Qd2 Na4 31. Qxh6 Qe6 32. Qf8+ Qe8 33. Qd6+ Kc8
34. Ne7+ Kb7 35. Nhf5 Rd8 36. Qxe5 Qd7 37. Rac1 Nc3 38. Rxc3 dxc3 39. Qxc3 Ba4
40. d4 Qe6 41. e5 Qb3 42. Qxb3 Bxb3 43. Bxc6+ Ka6 44. Nd6 b5 45. Bxb5+ Kb6 46.
Rc1 1-0

[Event "Detroit (MOR/3/13)"]
[Site "?"]
[Date "1990.??.??"]
[Round "?"]
[White "Collins, Charles"]
[Black "Workman, K."]
[Result "1-0"]
[WhiteElo "1790"]
[BlackElo "1605"]
[PlyCount "45"]
[EventDate "1990.??.??"]

{3/(13)} 1. d4 a6 2. e4 b5 3. c4 bxc4 4. Bxc4 Bb7 5. Qb3 d5 6. exd5 Qc8 7. Nf3
Nf6 8. O-O Nbd7 9. Ne5 Nxe5 10. dxe5 Nd7 11. Re1 Nc5 12. Qe3 e6 13. Nc3 Be7 14.
b4 Nd7 15. dxe6 fxe6 16. Bxe6 Bxb4 17. Bb2 c5 18. Qg5 g6 19. Rad1 Bc6 20. Bf7+
Kxf7 21. e6+ Kg7 22. Nd5+ Kf8 23. Qe7+ 1-0

[Event "Detroit (RVO/2)"]
[Site "?"]
[Date "1990.??.??"]
[Round "?"]
[White "Collins, Charles"]
[Black "Ward, Tom"]
[Result "0-1"]
[WhiteElo "1845"]
[BlackElo "2130"]
[PlyCount "78"]
[EventDate "1990.??.??"]

1. d4 Nf6 2. c4 e6 3. g3 d5 4. Bg2 Be7 5. Nf3 O-O 6. O-O Nbd7 7. Nc3 c6 8. Qc2
b6 9. Rd1 Ba6 10. b3 Rc8 11. Bb2 Qc7 12. Rac1 Rfd8 13. cxd5 cxd5 14. Qb1 Qb8
15. h3 b5 16. a3 b4 17. axb4 Bxb4 18. e3 Bxc3 19. Bxc3 Ne4 20. Ba5 Rxc1 21.
Rxc1 Rc8 22. Rxc8+ Qxc8 23. Qb2 h6 24. Be1 Bd3 25. b4 a6 26. Bd2 Nb6 27. Ne5
Bb5 28. Bf1 Bxf1 29. Kxf1 f6 30. Nf3 Qc4+ 31. Kg2 Qe2 32. Bc3 Qd3 33. Be1 Nc4
34. Qc1 Qe2 35. Ng1 Qa2 36. h4 Kf7 37. Nh3 g5 38. hxg5 hxg5 39. Qd1 Nxe3+ 0-1

[Event "Detroit (MCO/5/16)"]
[Site "?"]
[Date "1990.??.??"]
[Round "?"]
[White "Collins, Charles"]
[Black "Walker, LeRoy"]
[Result "0-1"]
[WhiteElo "1810"]
[BlackElo "1605"]
[PlyCount "124"]
[EventDate "1990.??.??"]

{5/(16)} 1. d4 d5 2. c4 e5 3. dxe5 d4 4. Nf3 Nc6 5. e4 Bg4 6. Nbd2 Bb4 7. Qb3
Bxd2+ 8. Nxd2 b6 9. h3 Be6 10. Nf3 Na5 11. Qc2 c5 12. Bg5 Qc7 13. Be2 Nc6 14.
O-O Nge7 15. Rad1 O-O 16. a3 h6 17. Bc1 Ng6 18. b3 Rad8 19. Bd3 Ngxe5 20. Nxe5
Nxe5 21. f4 Nxd3 22. Qxd3 f5 23. e5 Rf7 24. Qf3 Kh7 25. g4 g6 26. Rd3 Qd7 27.
g5 h5 28. Bb2 a6 29. Rc1 Rb8 30. b4 Qb7 31. Ba1 Qxf3 32. Rxf3 Rfb7 33. Rd3 Rc7
34. a4 a5 35. b5 Kg7 36. h4 Kf7 37. Kf2 Bc8 38. Rd2 Ke6 39. Bb2 Bb7 40. Re1 Rd7
41. Ke2 Be4 42. Kf2 Rbd8 43. Red1 Bb7 44. Rd3 Re7 45. Ba1 Be4 46. R3d2 Bb7 47.
Rd3 Bc8 48. Bb2 Kf7 49. Bc3 Be6 50. R3d2 Red7 51. Bb2 Bxc4 52. Rc1 Bb3 53. Re1
Ke6 54. Ra1 c4 55. Ba3 Rd5 56. Bd6 c3 57. Rd3 Bc4 58. Rdd1 d3 59. Ra3 c2 60.
Rc1 d2 61. Rxc2 d1=Q 62. Rac3 Rd2+ 0-1

[Event "Detroit (MOR/6/1)"]
[Site "?"]
[Date "1990.??.??"]
[Round "?"]
[White "Collins, Charles"]
[Black "Thomas, Henry"]
[Result "0-1"]
[WhiteElo "1790"]
[BlackElo "1605"]
[PlyCount "74"]
[EventDate "1990.??.??"]

{6/(1)} 1. d4 f5 2. c4 Nf6 3. g3 e6 4. Bg2 Be7 5. Nc3 O-O 6. Nf3 d5 7. O-O c6
8. Qc2 Ne4 9. Rd1 g5 10. Ne5 Nd7 11. Nxd7 Bxd7 12. b3 h6 13. f3 Nf6 14. Bb2 Bd6
15. e4 fxe4 16. fxe4 Ng4 17. e5 Bxe5 18. Qg6+ Bg7 19. Rf1 Rf6 20. Rxf6 Qxf6 21.
Qxf6 Bxf6 22. Nd1 Bg7 23. Bh3 Nf6 24. Ne3 Rf8 25. Rf1 e5 26. Bxd7 Nxd7 27.
Rxf8+ Kxf8 28. Nf5 e4 29. g4 Kf7 30. Nxg7 Kxg7 31. Kf2 Kf7 32. Ke3 Ke6 33. h3
Nf6 34. Ba3 h5 35. cxd5+ cxd5 36. gxh5 Nxh5 37. Bf8 Ng3 0-1

[Event "Detroit (RVO/4)"]
[Site "?"]
[Date "1990.??.??"]
[Round "?"]
[White "Collins, Charles"]
[Black "Sheaf, M."]
[Result "0-1"]
[WhiteElo "1845"]
[BlackElo "2130"]
[PlyCount "67"]
[EventDate "1990.??.??"]

1. d4 Nf6 2. c4 g6 3. Nc3 d5 4. g3 Bg7 5. Bg2 dxc4 6. Nf3 O-O 7. O-O Nfd7 8.
Qc2 Nc6 9. Qe4 Nb6 10. Qh4 Nxd4 11. Nxd4 Qxd4 12. Qxe7 c6 13. Rd1 Qe5 14. Qh4
Be6 15. Bf4 Qf6 16. Bg5 Qf5 17. Ne4 f6 18. Be3 g5 19. Qh5 Bf7 20. Qh3 Qxh3 21.
Bxh3 Nd5 22. Bd4 Rfe8 23. f3 Bg6 24. Nd6 Rxe2 25. Re1 Rxe1+ 26. Rxe1 Bf8 27.
Nxc4 Bd3 28. b3 b5 29. Nb2 Bg6 30. Re6 Re8 31. Bxf6 Nxf6 32. Rxf6 Bg7 33. Be6+
Kh8 34. Rxg6 0-1

[Event "Detroit (MOR/5/3)"]
[Site "?"]
[Date "1990.??.??"]
[Round "?"]
[White "Collins, Charles"]
[Black "Shaler, S."]
[Result "1-0"]
[WhiteElo "1790"]
[BlackElo "1680"]
[PlyCount "120"]
[EventDate "1990.??.??"]

{5/(3)} 1. d4 Nf6 2. c4 e6 3. g3 c5 4. Bg2 cxd4 5. Nf3 Bb4+ 6. Bd2 Qa5 7. O-O
Nc6 8. Qc2 O-O 9. Rd1 e5 10. a3 Bxd2 11. Qxd2 Qc5 12. Qc2 d5 13. b4 Qxc4 14.
Qb2 Qb5 15. Nbd2 Be6 16. Rac1 a5 17. Rc5 Qxe2 18. Re1 Qa6 19. Nxe5 Nxe5 20.
Rxe5 Qd6 21. Qxd4 Nd7 22. Rcxd5 Bxd5 23. Rxd5 Qb6 24. Rxd7 Qxd4 25. Rxd4 axb4
26. Rxb4 Rxa3 27. Rxb7 Ra1+ 28. Rb1 Rxb1+ 29. Nxb1 Rc8 30. Nd2 Rc1+ 31. Bf1 f5
32. Kg2 Kf7 33. Nf3 Kf6 34. h4 h6 35. Be2 g5 36. hxg5+ hxg5 37. g4 f4 38. Bb5
Rd1 39. Ba4 Rd8 40. Bc2 Rd6 41. Bf5 Rd1 42. Ng1 Re1 43. f3 Re5 44. Be4 Rb5 45.
Kf2 Rb2+ 46. Ne2 Ke5 47. Ke1 Rb4 48. Bf5 Rb3 49. Be4 Re3 50. Kf2 Rxe4 51. fxe4
Kxe4 52. Ng1 Ke5 53. Nf3+ Kf6 54. Ke2 Kg6 55. Kd3 Kf6 56. Kd4 Kg6 57. Ke5 Kh6
58. Kf5 Kh7 59. Nxg5+ Kg7 60. Kxf4 Kg6 1-0

[Event "Detroit (MCO/3/17)"]
[Site "?"]
[Date "1990.??.??"]
[Round "?"]
[White "Collins, Charles"]
[Black "Miller, Dan"]
[Result "1-0"]
[WhiteElo "1810"]
[BlackElo "1605"]
[PlyCount "119"]
[EventDate "1990.??.??"]

{3/(17)} 1. d4 d5 2. c4 e6 3. g3 Nf6 4. Bg2 Be7 5. Nf3 c5 6. O-O Nc6 7. Nc3
dxc4 8. Qa4 Bd7 9. Qxc4 Rc8 10. dxc5 Na5 11. Qd3 Bxc5 12. Bg5 Be7 13. Rfd1 Bc6
14. Qc2 Qc7 15. Bf4 Qb6 16. Ne5 Bxg2 17. Kxg2 O-O 18. Rac1 Nc4 19. Nxc4 Rxc4
20. b3 Qc6+ 21. Kg1 Rc5 22. Be3 Rf5 23. Rd4 b6 24. Rc4 Qb7 25. Ne4 Nxe4 26.
Rxe4 Ba3 27. Qc6 Qa6 28. Ra4 Qxe2 29. Rxa3 Rd8 30. Rxa7 h6 31. Rd7 Rxd7 32.
Qxd7 Qxa2 33. Qd8+ Kh7 34. Qxb6 Qb2 35. Rf1 Qe2 36. b4 Rb5 37. Qc7 Qf3 38. Bc5
Rb7 39. Qd6 Qf5 40. Rd1 g6 41. Qc6 Qc2 42. Qxb7 Qxd1+ 43. Kg2 Kg7 44. Qe4 Qd7
45. Qd4+ Qxd4 46. Bxd4+ Kf8 47. b5 Ke8 48. b6 Kd7 49. Kf3 Kc6 50. Ke4 Kd6 51.
f4 f5+ 52. Ke3 h5 53. h4 Kc6 54. Kd3 Kd6 55. Kc4 Kc6 56. Kb4 Kb7 57. Kc5 Kc8
58. Kc6 Kb8 59. Be5+ Ka8 60. b7+ 1-0

[Event "Detroit (MCO/1/26)"]
[Site "?"]
[Date "1990.??.??"]
[Round "?"]
[White "Collins, Charles"]
[Black "McFolley, John"]
[Result "1-0"]
[WhiteElo "1810"]
[BlackElo "1605"]
[PlyCount "47"]
[EventDate "1990.??.??"]

{1/(26)} 1. d4 Nc6 2. d5 Ne5 3. e4 Nf6 4. f4 Ng6 5. Bd3 e6 6. c4 c6 7. e5 Ng8
8. d6 Qa5+ 9. Bd2 Qc5 10. Nf3 f6 11. b4 Qb6 12. c5 Qd8 13. O-O fxe5 14. fxe5 b6
15. Ng5 Nxe5 16. Bxh7 Nf6 17. Qc2 Nxh7 18. Nxh7 Ba6 19. Bg5 Bd3 20. Qf2 Bxh7
21. Bxd8 Rxd8 22. Qf4 g6 23. Qxe5 Bg7 24. Qxg7 1-0

[Event "Flint (Class B/3)"]
[Site "?"]
[Date "1990.??.??"]
[Round "?"]
[White "Collins, Charles"]
[Black "Franklin, Stan"]
[Result "1-0"]
[WhiteElo "1790"]
[BlackElo "1645"]
[PlyCount "99"]
[EventDate "1990.??.??"]

1. d4 d5 2. c4 dxc4 3. g3 Qd5 4. Nf3 Nf6 5. Nc3 Qh5 6. Bg2 c6 7. O-O e6 8. Ne5
Bd6 9. Nxc4 Bc7 10. e4 Qxd1 11. Rxd1 Na6 12. Bg5 Nd7 13. e5 h6 14. Be3 Ke7 15.
a3 Rb8 16. Ne4 f5 17. exf6+ gxf6 18. b4 f5 19. Nc3 b5 20. Ne5 Bxe5 21. dxe5 Bb7
22. Bxa7 Rbg8 23. Be3 Nc7 24. Rd2 Nd5 25. Nxd5+ exd5 26. Rc1 Nxe5 27. Bd4 Nc4
28. Re2+ Kd6 29. Bxh8 Rxh8 30. Rce1 Bc8 31. Re8 Rxe8 32. Rxe8 Be6 33. Rh8 Nxa3
34. Rxh6 Nc2 35. Bh3 Ke7 36. Rh4 d4 37. f3 d3 38. Kf2 Bc4 39. Bxf5 Nxb4 40. Ke3
c5 41. Kd2 Kf6 42. Be4 Ke5 43. Rg4 Be6 44. Rg5+ Kd4 45. Rg6 Bd5 46. Bxd5 Kxd5
47. h4 c4 48. h5 Kd4 49. Rg4+ Ke5 50. h6 1-0

[Event "Flint (Class B/1)"]
[Site "?"]
[Date "1990.??.??"]
[Round "?"]
[White "Collins, Charles"]
[Black "Croel, Duane"]
[Result "1-0"]
[WhiteElo "1790"]
[BlackElo "1740"]
[PlyCount "67"]
[EventDate "1990.??.??"]

1. d4 Nf6 2. c4 g6 3. g3 d5 4. Bg2 Bg7 5. Nf3 O-O 6. O-O dxc4 7. Ne5 c6 8. Nc3
Nbd7 9. Nxc4 Nb6 10. Ne5 Be6 11. Bf4 Nfd5 12. Nxd5 Nxd5 13. Bc1 Qc7 14. e4 Nb6
15. Qc2 Qd6 16. Rd1 Rad8 17. Bf4 Qb4 18. Be3 Nc4 19. Nxc4 Qxc4 20. Qxc4 Bxc4
21. b3 Be6 22. Rac1 Rd7 23. d5 cxd5 24. exd5 Bg4 25. f3 Bf5 26. Bxa7 Bb2 27.
Rc5 Ra8 28. Bb6 Rxa2 29. Rc8+ Kg7 30. Rd2 Rxd5 31. Rxd5 Bxc8 32. Rd2 Ra1+ 33.
Kf2 Ba3 34. Bd4+ 1-0

[Event "Detroit (MOR/2/3)"]
[Site "?"]
[Date "1990.??.??"]
[Round "?"]
[White "Collins, Charles"]
[Black "Brown, S."]
[Result "1/2-1/2"]
[WhiteElo "1790"]
[BlackElo "1630"]
[PlyCount "59"]
[EventDate "1990.??.??"]

{2/(3)} 1. d4 Nf6 2. c4 g6 3. g3 Bg7 4. Bg2 d5 5. Nf3 c6 6. Nc3 dxc4 7. Ne5 Be6
8. O-O Nbd7 9. f4 Nd5 10. e4 Nxc3 11. bxc3 Nxe5 12. fxe5 Qd7 13. Qf3 O-O 14.
Be3 Bh3 15. Qe2 b5 16. a4 Bxg2 17. Kxg2 a6 18. axb5 axb5 19. Rxa8 Rxa8 20. Qf3
e6 21. Bg5 c5 22. Rd1 Ra2+ 23. Kg1 cxd4 24. Rxd4 Qa7 25. Bf6 Bf8 26. Kh1 Qa3
27. Rd8 Qb2 28. Rxf8+ Kxf8 29. Bg7+ Kxg7 30. Qf6+ 1/2-1/2

[Event "Detroit (MOR/2/59)"]
[Site "?"]
[Date "1990.??.??"]
[Round "?"]
[White "Clark, M."]
[Black "Smeckert, Dennis"]
[Result "1/2-1/2"]
[WhiteElo "1605"]
[BlackElo "1605"]
[PlyCount "101"]
[EventDate "1990.??.??"]

{2/(59)} 1. e4 e5 2. Nf3 Nc6 3. Nc3 d6 4. Bc4 h6 5. d4 Bg4 6. d5 Nd4 7. Be2
Nxe2 8. Qxe2 Qf6 9. Qb5+ Bd7 10. Qxb7 Qd8 11. Nb5 Bxb5 12. Qxb5+ Qd7 13. Qxd7+
Kxd7 14. O-O Nf6 15. Be3 Nxe4 16. c4 f5 17. Nd2 Nf6 18. Nb3 a5 19. a4 c6 20.
Rfd1 Be7 21. Bb6 Rhb8 22. dxc6+ Kxc6 23. c5 d5 24. Nxa5+ Rxa5 25. Bxa5 Rxb2 26.
Bc3 Re2 27. Bb4 Ne4 28. Rf1 Nxc5 29. Rab1 Bg5 30. Bxc5 Kxc5 31. Rb5+ Kc6 32.
Rfb1 d4 33. a5 d3 34. Kf1 Rc2 35. a6 d2 36. Ke2 Rc1 37. Rb6+ Kd7 38. Rb7+ Ke8
39. Rb8+ Kf7 40. R1b7+ Kg6 41. Rb6+ Kh7 42. Rd6 Re1+ 43. Kf3 e4+ 44. Kg3 f4+
45. Kg4 e3 46. Kf3 exf2 47. Kxf2 d1=Q 48. Rxd1 Rxd1 49. a7 Ra1 50. a8=Q Rxa8
51. Rxa8 1/2-1/2

[Event "Detroit (MOR/5/48)"]
[Site "?"]
[Date "1990.??.??"]
[Round "?"]
[White "Clark, M."]
[Black "Morenobaca, F."]
[Result "0-1"]
[WhiteElo "1605"]
[BlackElo "1655"]
[PlyCount "58"]
[EventDate "1990.??.??"]

{5/(48)} 1. e4 d5 2. exd5 Qxd5 3. Nc3 Qa5 4. d4 Nf6 5. Nf3 Bg4 6. Bd2 e6 7. Be2
Nbd7 8. O-O c6 9. Ne4 Qc7 10. Nxf6+ Nxf6 11. Ne5 Bf5 12. Bf4 Bd6 13. Bg5 O-O-O
14. Bxf6 gxf6 15. Nf3 Bg4 16. g3 h5 17. Nh4 f5 18. Bxg4 hxg4 19. Ng2 f6 20. c4
Rh3 21. Qd3 Rdh8 22. Nh4 R8xh4 23. c5 Rh5 24. cxd6 Rxh2 25. f3 Qxd6 26. f4 Qd5
27. Rf3 gxf3 28. Rf1 f2+ 29. Rxf2 Rh1# 0-1

[Event "Detroit (MOR/6/52)"]
[Site "?"]
[Date "1990.??.??"]
[Round "?"]
[White "Clark, M."]
[Black "Houston, Ryan"]
[Result "0-1"]
[WhiteElo "1605"]
[BlackElo "1605"]
[PlyCount "80"]
[EventDate "1990.??.??"]

{6/(52)} 1. e4 e5 2. Nf3 Nf6 3. Nc3 Nc6 4. d3 d5 5. exd5 Nxd5 6. Nxd5 Qxd5 7.
Be2 Bd6 8. Bd2 O-O 9. O-O Bb4 10. c3 Be7 11. c4 Qd6 12. Bg5 Bxg5 13. Nxg5 h6
14. Ne4 Qd4 15. Rc1 Qxb2 16. Bg4 f5 17. Bxf5 Bxf5 18. Ng3 Qxa2 19. Qh5 Bxd3 20.
Rfd1 Qa3 21. Qg4 Rad8 22. Nh5 Qe7 23. Qg3 Nb4 24. Re1 Qf7 25. f3 Qxh5 26. Rxe5
Rf5 27. Rxf5 Qxf5 28. Qxc7 Qd7 29. Qa5 Bxc4 30. Qxb4 Qd4+ 31. Kh1 Qd1+ 32. Qe1
Qxe1+ 33. Rxe1 a5 34. Ra1 Ra8 35. Re1 a4 36. Rb1 b5 37. f4 a3 38. g4 a2 39. Ra1
b4 40. f5 b3 0-1

[Event "Detroit (MCO/2/13)"]
[Site "?"]
[Date "1990.??.??"]
[Round "?"]
[White "Clanton, Waleed"]
[Black "Minskey, Charles"]
[Result "0-1"]
[WhiteElo "1605"]
[BlackElo "1945"]
[PlyCount "70"]
[EventDate "1990.??.??"]

{2/(13)} 1. e4 c5 2. Nc3 Nc6 3. Bb5 e6 4. Bxc6 bxc6 5. d3 Ne7 6. Bg5 f6 7. Be3
d6 8. Qf3 Rb8 9. b3 e5 10. Bc1 Be6 11. Bb2 Qd7 12. O-O-O Bg4 13. Qe3 Bxd1 14.
Nxd1 Ng6 15. Nf3 Be7 16. Kb1 Nf4 17. Rg1 Ne6 18. Nh4 a5 19. Nf5 a4 20. Nxe7
Qxe7 21. Qg3 axb3 22. cxb3 Ra8 23. Nc3 O-O 24. h3 Rfd8 25. Ne2 d5 26. exd5 Rxd5
27. Nc3 Rd7 28. Qf3 Qd6 29. Rd1 Rad8 30. Kc2 Nd4+ 31. Kd2 Nxf3+ 32. gxf3 Qxd3+
33. Kc1 Qxf3 34. Rf1 Rd2 35. h4 Qd3 0-1

[Event "Detroit (MCO/4/17)"]
[Site "?"]
[Date "1990.??.??"]
[Round "?"]
[White "Clanton, Waleed"]
[Black "June, Brian"]
[Result "0-1"]
[WhiteElo "1605"]
[BlackElo "1835"]
[PlyCount "130"]
[EventDate "1990.??.??"]

{4/(17)} 1. e4 c5 2. Nc3 Nc6 3. Bb5 g6 4. Bxc6 dxc6 5. d3 Bg7 6. Bd2 e5 7. Be3
Qe7 8. Qd2 Nf6 9. Bg5 O-O 10. Bxf6 Bxf6 11. Qe2 Be6 12. Qe3 b5 13. Nf3 Rfd8 14.
h4 Bg4 15. g3 Bg7 16. Rh2 Qf6 17. Ng1 c4 18. f3 Be6 19. dxc4 Bxc4 20. Rd2 Rd4
21. Nge2 Rxd2 22. Kxd2 b4 23. Na4 Qd6+ 24. Ke1 Rd8 25. Nc5 Bxe2 26. Kxe2 Qd4
27. Qxd4 exd4 28. Rb1 Bf8 29. Nd3 Re8 30. Kd2 c5 31. Nf2 h5 32. Kd3 f5 33. Rc1
fxe4+ 34. Nxe4 Bh6 35. f4 Bg7 36. b3 Kf8 37. Re1 Re6 38. Re2 Ke7 39. Nxc5 Rxe2
40. Kxe2 Kd6 41. Ne4+ Kd5 42. Kd3 a6 43. c4+ dxc3 44. Nf2 Bf6 45. Nd1 Bd4 46.
Kc2 Ke4 47. Kc1 Kf3 48. Kc2 Kxg3 49. Kd3 Bb6 50. Kc2 Kxh4 51. Nxc3 bxc3 52.
Kxc3 Kg4 53. Kd3 Kf3 54. Kc4 h4 55. Kd3 h3 56. f5 gxf5 57. a4 h2 58. b4 h1=Q
59. b5 Qf1+ 60. Kc3 axb5 61. axb5 Qd1 62. Kb4 Qd4+ 63. Kb3 Ke2 64. Kc2 Qc4+ 65.
Kb1 Kd2 0-1

[Event "Lansing (Jan)"]
[Site "?"]
[Date "1990.??.??"]
[Round "?"]
[White "Chu, C."]
[Black "Turner, P."]
[Result "1-0"]
[WhiteElo "1765"]
[BlackElo "1725"]
[PlyCount "84"]
[EventDate "1990.??.??"]

1. c4 Nf6 2. Nc3 g6 3. g3 Bg7 4. Bg2 d6 5. e4 Nbd7 6. d4 O-O 7. Nf3 e5 8. dxe5
dxe5 9. O-O c6 10. b4 Qb6 11. a3 Rd8 12. Qc2 Nh5 13. Re1 Nf8 14. Na4 Qc7 15.
Nc5 f5 16. Bb2 b6 17. Nb3 fxe4 18. Qxe4 Bf5 19. Qe2 Bd3 20. Qe3 Bxc4 21. Bxe5
Bxe5 22. Nxe5 Bd5 23. Nf3 Re8 24. Qc3 Qf7 25. Nbd2 Ne6 26. Ne5 Qf6 27. Ndf3
Bxf3 28. Bxf3 Nd8 29. Qb3+ Qe6 30. Qc3 Qf6 31. Qb3+ Qe6 32. Qxe6+ Rxe6 33. b5
Rc8 34. Bg4 cxb5 35. Bxe6+ Nxe6 36. Nd7 Nd4 37. Re7 Nc6 38. Re4 Rd8 39. Rd1 Kg7
40. Re6 Kf7 41. Rxc6 Kg7 42. Rc7 Kh6 1-0

[Event "Detroit (MOR/7/30)"]
[Site "?"]
[Date "1990.??.??"]
[Round "?"]
[White "Choyke, J."]
[Black "Stinson, A."]
[Result "1-0"]
[WhiteElo "1640"]
[BlackElo "1605"]
[PlyCount "93"]
[EventDate "1990.??.??"]

{7/(30)} 1. d4 d5 2. c4 e6 3. Nc3 Nf6 4. Nf3 Be7 5. Bg5 h6 6. Bh4 O-O 7. e3 Nc6
8. a3 Ne4 9. Bxe7 Qxe7 10. Qc2 Nxc3 11. Qxc3 Re8 12. cxd5 exd5 13. Bb5 Bd7 14.
Bxc6 Bxc6 15. O-O Qd6 16. Rfc1 Rac8 17. Ne5 Bd7 18. Nxd7 Qxd7 19. b4 a6 20. Qb3
c6 21. g3 Re6 22. Rc2 h5 23. Rac1 Rg6 24. Rc5 Qh3 25. Qd1 h4 26. Qf1 Qf5 27.
R5c3 hxg3 28. hxg3 Rh6 29. Qg2 g5 30. g4 Qh7 31. f3 Kg7 32. Qg3 Rh8 33. Qe5+
Rf6 34. Qxg5+ Kf8 35. Qxf6 Qh2+ 36. Kf1 Qh1+ 37. Ke2 Qh2+ 38. Kd3 Qh7+ 39. Qf5
Qxf5+ 40. gxf5 Ke7 41. e4 Rh3 42. Ke2 Kf6 43. Kf2 dxe4 44. fxe4 Rh4 45. Rf3
Rxe4 46. Rd1 Re8 47. Rdd3 1-0

[Event "Detroit (MOR/4/41)"]
[Site "?"]
[Date "1990.??.??"]
[Round "?"]
[White "Choyke, J."]
[Black "Smeckert, Dennis"]
[Result "1-0"]
[WhiteElo "1640"]
[BlackElo "1605"]
[PlyCount "55"]
[EventDate "1990.??.??"]

{4/(41)} 1. d4 d5 2. c4 Nf6 3. cxd5 Nxd5 4. Nf3 e6 5. Qb3 Be7 6. e4 Nb6 7. Nc3
Qd6 8. a3 a6 9. e5 Qd8 10. Bc4 Nxc4 11. Qxc4 b5 12. Qe2 c5 13. Be3 c4 14. O-O
O-O 15. Rfd1 Qa5 16. d5 Bxa3 17. Rxa3 Qc7 18. Nxb5 axb5 19. Rxa8 Ba6 20. Ra7
Qa5 21. d6 Nc6 22. Rc7 Nd8 23. Qd2 b4 24. Qc1 f6 25. exf6 Rxf6 26. Bg5 Rg6 27.
Bxd8 c3 28. Rxg7+ 1-0

[Event "Detroit (RVO/4)"]
[Site "?"]
[Date "1990.??.??"]
[Round "?"]
[White "Choyke, J."]
[Black "Shields, B."]
[Result "1-0"]
[WhiteElo "1630"]
[BlackElo "1605"]
[PlyCount "57"]
[EventDate "1990.??.??"]

1. d4 Nf6 2. c4 e6 3. Nf3 c5 4. d5 Bd6 5. Nc3 e5 6. Bg5 a6 7. Bxf6 Qxf6 8. Ne4
Qe7 9. Nxd6+ Qxd6 10. e4 Qc7 11. Bd3 Qa5+ 12. Nd2 d6 13. O-O O-O 14. f4 Nd7 15.
f5 b5 16. b3 Nf6 17. g4 Qc3 18. g5 Nxd5 19. exd5 Qxd3 20. f6 Qe3+ 21. Kh1 Qxg5
22. fxg7 Qxg7 23. Rg1 Bf5 24. Rxg7+ Kxg7 25. Qe2 b4 26. h4 Kh8 27. Qf3 Bd7 28.
Qf6+ Kg8 29. Rg1+ 1-0

[Event "Detroit (MOR/6/37)"]
[Site "?"]
[Date "1990.??.??"]
[Round "?"]
[White "Choyke, J."]
[Black "Moore, H."]
[Result "1-0"]
[WhiteElo "1640"]
[BlackElo "1605"]
[PlyCount "109"]
[EventDate "1990.??.??"]

{6/(37)} 1. d4 g6 2. c4 Bg7 3. Nc3 c6 4. e4 d6 5. Nf3 Bg4 6. Be2 Bxf3 7. Bxf3
e5 8. d5 Nf6 9. O-O Nbd7 10. dxc6 Nc5 11. cxb7 Nxb7 12. Bg5 O-O 13. Nd5 Rc8 14.
b3 Nc5 15. Bg4 Rb8 16. Qf3 Ncxe4 17. Bxf6 Nxf6 18. Nxf6+ Qxf6 19. Qxf6 Bxf6 20.
Rad1 Rfd8 21. Rd5 h5 22. Bf3 Rd7 23. Rc1 Re8 24. Be4 Rc8 25. f3 Be7 26. g4 hxg4
27. fxg4 Kg7 28. Rcd1 Rh8 29. Kg2 Rh4 30. h3 f5 31. Bf3 e4 32. Be2 Kf6 33. gxf5
gxf5 34. c5 Ke6 35. Bc4 Kf6 36. cxd6 Bf8 37. Bb5 Rg7+ 38. Kh2 Rgh7 39. Bf1 Rf4
40. d7 Rf2+ 41. Kh1 Be7 42. d8=Q Rxf1+ 43. Rxf1 Bxd8 44. Rxd8 Rxh3+ 45. Kg2 Rd3
46. Rxd3 exd3 47. Rd1 Ke5 48. Rxd3 Ke4 49. Rd7 f4 50. Rxa7 f3+ 51. Kf2 Kd3 52.
Kxf3 Kc2 53. Ke4 Kb2 54. b4 Ka1 55. a4 1-0

[Event "Detroit (RVO/2)"]
[Site "?"]
[Date "1990.??.??"]
[Round "?"]
[White "Choyke, J."]
[Black "Hill, M."]
[Result "1-0"]
[WhiteElo "1630"]
[BlackElo "1605"]
[PlyCount "97"]
[EventDate "1990.??.??"]

1. d4 f5 2. c4 Nf6 3. Nc3 e6 4. Bg5 Be7 5. e3 O-O 6. Bd3 d6 7. Nf3 Nbd7 8. O-O
Qe8 9. Re1 b6 10. e4 fxe4 11. Nxe4 Bb7 12. Qe2 Nxe4 13. Bxe4 Bxe4 14. Qxe4 Bxg5
15. Nxg5 Nf6 16. Qxe6+ Qxe6 17. Rxe6 h6 18. Nf3 Kf7 19. Rae1 Rae8 20. Rxe8 Rxe8
21. Rxe8 Kxe8 22. d5 Kf7 23. Nd2 Kg6 24. f3 Kf5 25. Kf2 Nh5 26. g4+ Kg5 27.
gxh5 Kxh5 28. Kg3 g5 29. Ne4 Kg6 30. Nc3 a6 31. Ne2 h5 32. Nd4 Kf6 33. f4 gxf4+
34. Kxf4 h4 35. Nf3 h3 36. Ng5 Ke7 37. Nxh3 Kd7 38. Ng5 c6 39. h4 c5 40. Kf5
Ke7 41. h5 Kf8 42. h6 Kg8 43. h7+ Kh8 44. Ke6 b5 45. b3 b4 46. Kxd6 a5 47. Kxc5
a4 48. Kxb4 axb3 49. axb3 1-0

[Event "Detroit (MOR/2/1)"]
[Site "?"]
[Date "1990.??.??"]
[Round "?"]
[White "Choyke, J."]
[Black "Gregory, Kevin"]
[Result "0-1"]
[WhiteElo "1640"]
[BlackElo "1795"]
[PlyCount "114"]
[EventDate "1990.??.??"]

{2/(1)} 1. d4 d5 2. c4 c6 3. Nf3 Nf6 4. Nc3 dxc4 5. a4 Bg4 6. e3 e6 7. Bxc4
Nbd7 8. h3 Bxf3 9. Qxf3 Bb4 10. O-O O-O 11. Rd1 Nb6 12. Bd3 Nbd5 13. Bd2 Qa5
14. Ne4 Nxe4 15. Qxe4 Nf6 16. Bxb4 Qxb4 17. Qf3 Rfe8 18. Qe2 e5 19. dxe5 Rxe5
20. Qc2 Rae8 21. Qc3 Qxc3 22. bxc3 Ra5 23. e4 g6 24. Re1 Nd7 25. f3 Nc5 26. Bc2
Rd8 27. Rad1 Rxd1 28. Rxd1 Nxa4 29. Ra1 b5 30. Kf2 Ra6 31. Bb3 Nc5 32. Rxa6
Nxa6 33. Ke3 Nc5 34. Bc2 Kf8 35. f4 Ke7 36. g4 a5 37. Kd4 Ne6+ 38. Ke3 Kd6 39.
f5 Ng5 40. h4 Nh3 41. fxg6 fxg6 42. h5 gxh5 43. gxh5 h6 44. Kd4 c5+ 45. Ke3 Ke5
46. Bd3 c4 47. Bb1 a4 48. Kf3 Ng5+ 49. Ke3 a3 50. Ba2 Nxe4 51. Bb1 Nxc3 52. Bc2
a2 53. Bb1 axb1=Q 54. Kf2 Kf4 55. Kg2 Qc2+ 56. Kh1 Kg3 57. Kg1 Qg2# 0-1

[Event "Detroit (MI Op/4/46)"]
[Site "?"]
[Date "1990.??.??"]
[Round "?"]
[White "Choksi, E."]
[Black "Vaughn, Gerald"]
[Result "1-0"]
[WhiteElo "1865"]
[BlackElo "1605"]
[PlyCount "75"]
[EventDate "1990.??.??"]

{4/(46)} 1. e4 e5 2. Nf3 Nc6 3. d4 exd4 4. Bc4 h6 5. c3 d6 6. cxd4 Bg4 7. Qb3
Qd7 8. Bxf7+ Qxf7 9. Qxb7 Rb8 10. Qxc6+ Kd8 11. Nbd2 Ne7 12. Qa4 Rb7 13. O-O g5
14. e5 Bd7 15. Qc2 g4 16. exd6 cxd6 17. Ne4 Nf5 18. Nfd2 Nxd4 19. Qd3 Bg7 20.
Nxd6 Qd5 21. Nxb7+ Qxb7 22. Nc4 Re8 23. Be3 Qd5 24. Bxd4 Bxd4 25. Rad1 Bc6 26.
Qxd4 Qxd4 27. Rxd4+ Kc7 28. Rc1 Kb8 29. Nd6 Re6 30. h3 gxh3 31. Rxc6 a5 32.
Rc8+ Ka7 33. gxh3 Re2 34. Nc4 Kb7 35. Rcd8 a4 36. R4d6 Re7 37. R8d7+ Rxd7 38.
Rxd7+ 1-0

[Event "Detroit (MI Op/2/35)"]
[Site "?"]
[Date "1990.??.??"]
[Round "?"]
[White "Choksi, E."]
[Black "Sherbel, Steve"]
[Result "0-1"]
[WhiteElo "1865"]
[BlackElo "1985"]
[PlyCount "69"]
[EventDate "1990.??.??"]

{2/(35)} 1. e4 e6 2. d4 d5 3. Nc3 Bb4 4. e5 b6 5. a3 Bf8 6. Nf3 Qd7 7. Bd3 Ba6
8. Bxa6 Nxa6 9. Qd3 Nb8 10. Be3 Ne7 11. Ne2 Nf5 12. Bd2 h5 13. c4 c6 14. Rc1
Be7 15. O-O a5 16. Rc2 dxc4 17. Qxc4 O-O 18. Nf4 g6 19. Bc3 Na6 20. Nd2 Nc7 21.
Ne4 Nd5 22. Ne2 Rfd8 23. Rd1 Kg7 24. Qd3 Rac8 25. Rcd2 Qc7 26. Qf3 b5 27. Rc2
Qb6 28. Rdc1 b4 29. axb4 axb4 30. Be1 Nxd4 31. Nxd4 Qxd4 32. Rxc6 Rxc6 33. Rxc6
Qxb2 34. Qg3 h4 35. Qg4 {[Remainder illegible; 0-1, 42?]} 0-1